Champions League 2024/25 - Morte Improvvisa - Statistics

Statistiche generali
  • Questo quiz è stato fatto 236 volte
  • Il punteggio medio è 6 su 36
Answers on the Grid
Answers color-coded by a green-red scale on the quiz's grid according to % correct below.
Liverpool
Barcellona
Arsenal
Inter
Atletico Madrid
Bayer Leverkusen
Lille
Aston Villa
Atalanta
Borussia Dortmund
Real Madrid
Bayern Monaco
Milan
PSV Eindhoven
Paris Saint-Germain
Benfica
Monaco
Brest
Feyenoord
Juventus
Celtic
Manchester City
Sporting Lisbona
Bruges
Dinamo Zagabria
Stoccarda
Shakthar Donetsk
Bologna
Stella Rossa
Sturm Graz
Sparta Praga
Lipsia
Girona
Salisburgo
Slovan Bratislava
Young Boys
Ajax
Athletic Bilbao
Basilea
Bodo Glimt
Borussia Monchengladbach
Celta Vigo
Chelsea
Copenaghen
Dynamo Kiev
Eintracht
Fenerbahce
Fiorentina
Friburgo
Galatasaray
Genk
Kairat Almaty
Lazio
Lens
Lione
Manchester United
Marsiglia
Midtjylland
Napoli
Newcastle United
Olympiakos
Pafos
Panathinaikos
Porto
Qarabag
Rangers
Real Betis
Roma
Siviglia
Slavia Praga
Sporting Braga
Tottenham
Union Saint Gilloise
Valencia
Viktoria Plzen
Villareal
 
Statistiche sulle risposte
Risposta % Corretto
Inter
35%
Arsenal
34%
Manchester City
31%
Liverpool
29%
Bayer Leverkusen
28%
Atletico Madrid
25%
Juventus
25%
Milan
24%
Real Madrid
24%
Atalanta
23%
Paris Saint-Germain
23%
Bayern Monaco
22%
Bologna
22%
Borussia Dortmund
22%
PSV Eindhoven
19%
Barcellona
18%
Aston Villa
16%
Slovan Bratislava
16%
Sporting Lisbona
16%
Lipsia
14%
Benfica
13%
Feyenoord
13%
Stoccarda
13%
Brest
12%
Bruges
12%
Girona
12%
Lille
12%
Young Boys
12%
Dinamo Zagabria
11%
Stella Rossa
11%
Salisburgo
10%
Sturm Graz
10%
Monaco
8%
Sparta Praga
8%
Shakthar Donetsk
6%
Celtic
4%
Nessun quiz corrispondente trovato
Distribuzione punteggi
Percentuale di utenti per punteggio
Percentile per numero di risposta
I tuoi punteggi nel tempo
Non hai fatto questo quiz